Disney Taglines - Statistics

General Stats
  • This quiz has been taken 24 times
  • The average score is 36 of 75
Answer Stats
Tagline Year Released Disney Movie % Correct
'The man. The myth. The movie.' 1997 Hercules
88%
'Imagine if you had three wishes, three hopes, three dreams and they could all come true.' 1992 Aladdin
76%
'Be our guest.' 2017 Beauty And The Beast
76%
'Mondays are manic. Wednesdays are wild. And Fridays are about to get a little freaky.' 2003 Freaky Friday
76%
'We scare because we care.' 2001 Monsters, Inc
76%
'Somewhere under the sea and beyond your imagination is an adventure in fantasy.' 1989 The Little Mermaid
76%
'So many dogs. So little time.' 1996 101 Dalmatians
71%
'There are 3.7 trillion fish in the ocean. They're looking for one.' 2003 Finding Nemo
71%
'In Oz, nothing is what it seems.' 2013 Oz The Great And Powerful
71%
'The greatest adventure of all is finding our place in the Circle of Life.' 1994 The Lion King
71%
'Midnight is just the beginning.' 2015 Cinderella
65%
'Only an act of true love will thaw a frozen heart.' 2013 Frozen
65%
'Make room for new emotions.' 2024 Inside Out 2
65%
'The ocean is calling.' 2016 Moana
65%
'He's dying to become a chef.' 2007 Ratatouille
65%
'Meet Robin Hood and his MERRY MENagerie!' 1973 Robin Hood
65%
'Be careful what you wish for.' 2023 Wish
65%
'The story of a regular guy just looking for a little wreck-ognition.' 2013 Wreck-It Ralph
65%
'Change your fate.' 2012 Brave
59%
'Ahhh... it's got that new movie smell.' 2006 Cars
59%
'THE FLOWER THAT BLOOMS IN ADVERSITY IS THE MOST RARE AND BEAUTIFUL OF ALL.' 1998 Mulan
59%
'When you wish upon a star, your dreams come true.' 1940 Pinocchio
59%
'Awaken to a World of Wonders!' 1959 Sleeping Beauty
59%
'Everybody has a soul. Joe Gardner is about to find his.' 2020 Soul
59%
'Tired of living in a Medieval mess... Merlin uses all his magic powers to change a scrawny little boy into a legendary hero!' 1963 The Sword In The Stone
59%
'Growing up is a beast.' 2022 Turning Red
59%
'It's time for a little madness.' 2016 Alice Through The Looking Glass
53%
'Drop everything. Save the world.' 2014 Big Hero 6
53%
'It will live in your heart forever.' 1953 Peter Pan
53%
'An American legend comes to life.' 1995 Pocahontas
53%
'They're taking adventure to new lengths.' 2010 Tangled
53%
'Hidden by darkness. Guarded by witches. Discover a boy. Stolen by a king. Whoever owns it will rule the world. Or destroy it.' 1985 The Black Cauldron
53%
'Every love story begins with a kiss...' 2009 The Princess And The Frog
53%
'Two tiny agents vs. the world's wickedest woman in a dazzling animated adventure!' 1977 The Rescuers
53%
'Welcome to the urban jungle.' 2016 Zootopia
53%
'An epic presentation of miniature proportions.' 1998 A Bug's Life
47%
'Atlantis is waiting...' 2001 Atlantis: The Lost Empire
47%
'A great love story.' 1942 Bambi
47%
'The one... The only... The FABULOUS...' 1941 Dumbo
47%
'Opposites react.' 2023 Elemental
47%
'Infinity awaits.' 2022 Lightyear
47%
'There's one in every family.' 2002 Lilo & Stitch
47%
'An immortal legend. As you've only imagined.' 1999 Tarzan
47%
'It's all about... ME!' 2000 The Emperor's New Groove
47%
'A story of two friends who didn't know they were supposed to be enemies.' 1981 The Fox And The Hound
47%
'London's crime-fighting ace on his most baffling case!' 1986 The Great Mouse Detective
47%
'Join the party!' 1996 The Hunchback Of Notre Dame
47%
'The greatest adventure is just getting back home.' 2009 Up
47%
'There's a little magic in all of us.... almost all of us.' 2021 Encanto
41%
'Twice the Fun. Double the Trouble.' 1998 The Parent Trap
41%
'Find your place in the universe.' 2003 Treasure Planet
41%
'An unforgettable journey she probably won't remember.' 2016 Finding Dory
35%
'Their quest begineth.' 2020 Onward
35%
'A quest to save her world.' 2021 Raya And The Last Dragon
35%
'Season's Greedings.' 2009 A Christmas Carol
29%
'Nature calls.' 2003 Brother Bear
29%
'Discover a world you've only imagined.' 2000 Dinosaur
29%
'Catch it if you can!' 1997 Flubber
29%
'Magic always returns.' 2018 Mary Poppins Returns
29%
'Get ready for mush hour!' 2002 Snow Dogs
29%
'You'll beWITCHED! You'll beDAZZLED! You'll be swept off into a world of enchantment BEYOND ANYTHING BEFORE!' 1971 Bedknobs And Broomsticks
24%
'Watch out!' 1997 George Of The Jungle
24%
'The most astonishing, innovative, backyard adventure of all time!' 1989 Honey, I Shrunk The Kids
24%
'The greatest hero ever assembled.' 1999 Inspector Gadget
24%
'Lost in our world, found in another.' 2012 John Carter
24%
'The greatest adventure history has ever revealed.' 2007 National Treasure: Book Of Secrets
24%
'Brazzle Dazzle Brilliance!' 1977 Pete's Dragon
24%
'Where her book ended, their story began.' 2013 Saving Mr Banks
24%
'Half his size, twice the trouble.... and she's moving in.' 2007 The Game Plan
24%
'Never Take Off the Mask.' 2013 The Lone Ranger
24%
'The myth is real.' 2021 Jungle Cruise
18%
'Don't believe the fairy tale.' 2014 Maleficent
18%
'Prepare to be blown out of the water.' 2003 Pirates Of The Caribbean: The Curse Of The Black Pearl
18%
'Journey to a place where nothing is as it appears!' 2022 Strange World
18%
'It's the coolest job ever.' 2010 The Sorcerer's Apprentice
18%
No matching quizzes found
Score Distribution
Percent of People with Each Score
Percentile by Number Answered
Your Score History
You have not taken this quiz